Ye Tracklist (Kanye West) - Statistics

General Stats
  • This quiz has been taken 307 times
  • The average score is 6 of 7
Answer Stats
Hint Answer % Correct
6 Ghost Town
97%
1 I Thought About Killing You
92%
7 Violent Crimes
92%
3 All Mine
82%
2 Yikes
82%
5 No Mistakes
69%
4 Wouldn't Leave
61%
No matching quizzes found
Score Distribution
Percent of People with Each Score
Percentile by Number Answered
Your Score History
You have not taken this quiz